| 000 | 00834nam a2200229 a 4500 | ||
|---|---|---|---|
| 001 | 71013 | ||
| 003 | BD-RjUL | ||
| 005 | 20211209082052.0 | ||
| 008 | 170423r19881984bg |||| |||| 000 0 ben d | ||
| 020 | _c: Tk. 18.00 | ||
| 035 | _a(BD-RjUL)71227 | ||
| 040 |
_aBD-RjUL _bben _cBD-RjUL _dBD-RjUL |
||
| 041 | _aben | ||
| 082 |
_223 _a915.4 _bHOA 1988 |
||
| 100 | 1 |
_aহোসেন, আলী _9210112 |
|
| 245 | 1 | 0 |
_aআজমীরের পথে / _cআলী হোসেন |
| 260 |
_aঢাকা : _bইসলামী ফাউণেডশন বাংলাদেশ, _c১৯৮৪ [পুনঃ মুদ্রণ ১৯৮৮] |
||
| 300 |
_a১০৪ পৃ. ; _c২৭ সেমি. |
||
| 650 |
_aভ্রমণ _zদক্ষিণ এশিয়া _9210113 |
||
| 650 |
_aTravels _zSouth Asia _9210114 |
||
| 942 |
_2ddc _cBK |
||
| 999 |
_c71013 _d71013 |
||